| 000 | 00893nam a22001817a 4500 | ||
|---|---|---|---|
| 008 | 090721t xxu||||| |||| 00| 0 eng d | ||
| 020 | _a9772012391 | ||
| 082 |
_a910.4 _bم ا ر |
||
| 245 |
_a/رحلات ماركوبولو _cترجمها الى الانجليزية ونشرها وليم مارسدن؛ ترجمها الى العربية عبد العزيز توفيق جاويد |
||
| 260 |
_a:القاهرة _b،الهيئة المصرية العامة للكتاب _c1977 |
||
| 300 | 3 |
_a369؛ ص _c24 سم |
|
| 490 |
_aالتاريخ- الجانب الآخر- اعادة قراءة للتاريخ المصرى _v؛6 |
||
| 650 | _98089 | ||
| 650 |
_98090 _aالرحلات |
||
| 650 | _98091 | ||
| 942 |
_2ddc _cBB |
||
| 999 |
_c12416 _d12416 |
||